[Event "POL-ch Blitz U18 Girls"]
[Site "Bydgoszcz"]
[Date "2023.08.31"]
[Round "7"]
[White "Duda, Aleksandra"]
[Black "Dzierzgowska, Jagoda"]
[Result "1-0"]
[WhiteElo "1581"]
[BlackElo "1185"]
[PlyCount "73"]
[EventDate "2023.08.28"]
[EventType "swiss"]
[EventRounds "9"]
[EventCountry "POL"]
[SourceTitle "CBM 216 Extra"]
[Source "ChessBase"]
[SourceDate "2023.11.30"]
[SourceVersion "1"]
[SourceVersionDate "2023.11.30"]
[SourceQuality "1"]

1. c4 c5 2. Nc3 Nc6 3. g3 b6 4. Bg2 Bb7 5. Nf3 e6 6. d3 Nf6 7. 0-0 d5 8. b3 Be7 9. Bb2 0-0 10. Rc1 d4 11. Nb1 Nb4 12. a3 Na6 13. e3 dxe3 14. fxe3 Rb8 15. Qe2 h6 16. d4 cxd4 17. exd4 Be4 18. Nbd2 Bg6 19. Ne5 Rc8 20. Nxg6 fxg6 21. Qxe6+ Kh8 22. d5 Bc5+ 23. Kh1 Nc7 24. Qe2 Re8 25. Qd3 g5 26. Rce1 Rf8 27. Re2 a6 28. b4 Bd6 29. Ref2 b5 30. c5 Bxc5 31. bxc5 Ncxd5 32. Bxd5 Rxc5 33. Be4 Nxe4 34. Rxf8+ Qxf8 35. Rxf8+ Kh7 36. Qxe4+ g6 37. Qe7# 1-0

[Event "POL-chT U18 1st"]
[Site "Poland"]
[Date "2022.07.03"]
[Round "9.6"]
[White "Lajdamik, Kinga"]
[Black "Dzierzgowska, Jagoda"]
[Result "1-0"]
[WhiteElo "1507"]
[BlackElo "1277"]
[PlyCount "89"]
[EventDate "2022.06.25"]
[EventType "team-swiss"]
[EventRounds "9"]
[EventCountry "POL"]
[SourceTitle "EXT 2023"]
[Source "ChessBase"]
[SourceDate "2022.10.05"]
[SourceVersion "1"]
[SourceVersionDate "2022.10.05"]
[SourceQuality "1"]
[WhiteTeam "Czerwionka Leszczyny Skoczek"]
[BlackTeam "Warszawa Polonia"]
[WhiteTeamCountry "POL"]
[BlackTeamCountry "POL"]

1. e4 e6 2. d4 d5 3. Nc3 Bb4 4. exd5 exd5 5. Bd3 c6 6. Nf3 Bg4 7. 0-0 Ne7 8. Be3 0-0 9. Bxh7+ Kh8 10. Bd3 Nd7 11. Be2 Nf5 12. Bf4 Be7 13. h3 Bxf3 14. Bxf3 Bf6 15. Ne2 Nh4 16. Bh5 Bg5 17. Bd6 Be7 18. Bxe7 Qxe7 19. Ng3 Nf6 20. Re1 Qc7 21. Be2 Rae8 22. Qd2 Kg8 23. Bd3 Nh7 24. Rf1 Re7 25. Bxh7+ Kxh7 26. Qg5 Ng6 27. Nf5 Re6 28. Rae1 Rfe8 29. Rxe6 Rxe6 30. g3 Re8 31. h4 Qd8 32. Qg4 Qf6 33. h5 Ne7 34. Re1 g6 35. hxg6+ fxg6 36. Nh4 Rg8 37. Re6 Qf7 38. Nf3 Kg7 39. Ne5 Qf5 40. Rxe7+ Kf6 41. Rf7+ Ke6 42. Rxf5 gxf5 43. Qxg8+ Ke7 44. Qf7+ Kd6 45. Qd7# 1-0

[Event "POL-ch U12 Girls"]
[Site "Uniejow"]
[Date "2021.07.22"]
[Round "6"]
[White "Dzierzgowska, Jagoda"]
[Black "Wieczorek, Maja"]
[Result "1/2-1/2"]
[WhiteElo "1102"]
[BlackElo "1316"]
[PlyCount "139"]
[EventDate "2021.07.18"]
[EventType "swiss"]
[EventRounds "9"]
[EventCountry "POL"]
[SourceTitle "EXT 2022"]
[Source "ChessBase"]
[SourceDate "2021.10.06"]
[SourceVersion "1"]
[SourceVersionDate "2021.10.06"]
[SourceQuality "1"]

1. d4 Nf6 2. Bf4 g6 3. e3 Bg7 4. c4 d6 5. Nf3 0-0 6. Nc3 a5 7. h3 Na6 8. a3 c5 9. Bd3 b6 10. 0-0 Nh5 11. Bh2 f5 12. Nd5 e6 13. Nf4 Nxf4 14. Bxf4 Bb7 15. Re1 Nc7 16. dxc5 bxc5 17. Qe2 Bxf3 18. gxf3 Rb8 19. Rab1 e5 20. Bh2 Ne6 21. Qf1 Rb7 22. Qg2 Rbf7 23. e4 f4 24. b4 axb4 25. axb4 cxb4 26. Rxb4 Nd4 27. Rc1 Qa5 28. Rbb1 Qa3 29. Rd1 Ra7 30. Kh1 Qc5 31. Ra1 Rb7 32. Rab1 Rxb1 33. Rxb1 Qa3 34. Rd1 Qb3 35. Qf1 Nxf3 36. Rb1 Qa4 37. Ra1 Qd7 38. Rc1 Ng5 39. h4 Nf3 40. c5 dxc5 41. Rxc5 Qe7 42. Bc4+ Kh8 43. Rd5 Qxh4 44. Qg2 Nd4 45. Rc5 Qe7 46. Rd5 Rc8 47. Bf1 Qh4 48. Qh3 Qxh3 49. Bxh3 Rc1+ 50. Kg2 h5 51. Bd7 g5 52. Be8 h4 53. Bg6 Rc8 54. Bh5 Kh7 55. Rd6 Rc6 56. Rxc6 Nxc6 57. f3 Kh6 58. Bg4 Nd4 59. Bg1 Ne2 60. Kf2 Nxg1 61. Kxg1 Kg6 62. Kf2 Kf6 63. Bh3 Ke7 64. Bg4 Kd6 65. Kg2 Kc5 66. Bh3 Kd4 67. Bg4 Ke3 68. Bh3 Bf8 69. Bg4 Bb4 70. Bh3 1/2-1/2

[Event "POL-ch U12 Girls"]
[Site "Uniejow"]
[Date "2021.07.20"]
[Round "3"]
[White "Dzierzgowska, Jagoda"]
[Black "Borowik, Monika"]
[Result "1-0"]
[WhiteElo "1102"]
[BlackElo "1269"]
[PlyCount "58"]
[EventDate "2021.07.18"]
[EventType "swiss"]
[EventRounds "9"]
[EventCountry "POL"]
[SourceTitle "EXT 2022"]
[Source "ChessBase"]
[SourceDate "2021.10.06"]
[SourceVersion "1"]
[SourceVersionDate "2021.10.06"]
[SourceQuality "1"]

1. d4 Nf6 2. c4 g6 3. Nc3 Bg7 4. e4 d6 5. Nf3 0-0 6. Be2 Nc6 7. Bg5 h6 8. Be3 Ng4 9. Bf4 e5 10. dxe5 Ngxe5 11. Qd2 Kh7 12. Nd5 Nxf3+ 13. Bxf3 Nd4 14. Be2 Re8 15. Bd3 f5 16. f3 fxe4 17. fxe4 Bf5 18. Nc3 Qh4+ 19. Bg3 Qg4 20. 0-0 Bd7 21. Rf4 Qg5 22. Qf2 Ne6 23. Rf7 Rf8 24. Rf1 Be8 25. Rxf8 Bd4 26. Qxd4 Nxd4 27. Nd5 Ne6 28. Nf6+ Kg7 29. Nxe8+ Kh7 1-0

[Event "POL-ch U12 Girls"]
[Site "Uniejow"]
[Date "2021.07.19"]
[Round "1"]
[White "Duda, Aleksandra"]
[Black "Dzierzgowska, Jagoda"]
[Result "1/2-1/2"]
[WhiteElo "1431"]
[BlackElo "1102"]
[PlyCount "142"]
[EventDate "2021.07.18"]
[EventType "swiss"]
[EventRounds "9"]
[EventCountry "POL"]
[SourceTitle "EXT 2022"]
[Source "ChessBase"]
[SourceDate "2021.10.06"]
[SourceVersion "1"]
[SourceVersionDate "2021.10.06"]
[SourceQuality "1"]

1. d4 d5 2. Nf3 c5 3. c3 Nc6 4. Bf4 Qb6 5. Qd2 Bf5 6. e3 Nf6 7. h3 h6 8. Be2 e6 9. 0-0 Ne4 10. Qc1 Bd6 11. Bxd6 Nxd6 12. Nbd2 0-0 13. Nb3 cxd4 14. exd4 Ne4 15. Nfd2 Nxd2 16. Qxd2 Qc7 17. Bd3 Bxd3 18. Qxd3 b6 19. f4 Qe7 20. Qg3 Qf6 21. Rae1 Ne7 22. Nc1 Nf5 23. Qf3 Rac8 24. Nd3 Nd6 25. Ne5 Rfd8 26. Ng4 Qf5 27. Qg3 Kf8 28. Ne3 Qf6 29. Qg4 g6 30. Qe2 Ne4 31. Ng4 Qg7 32. Qa6 f5 33. Ne5 Re8 34. Qa3+ Kg8 35. Qa4 Nd6 36. Rf3 Ne4 37. Qb4 Kh7 38. a4 Kh8 39. a5 bxa5 40. Qxa5 Rb8 41. Qa3 Kh7 42. Ra1 Rb7 43. Rff1 Nd2 44. Rfd1 Ne4 45. Qa4 Nd6 46. Qa6 Qc7 47. Ra2 Qb6 48. Qa4 Qb5 49. Qc2 Nc4 50. Nxc4 Qxc4 51. Rda1 Ra8 52. Ra6 Qc8 53. Qe2 Re7 54. Qe5 h5 55. Qd6 Qe8 56. Re1 Rd8 57. Qe5 Qb5 58. Rxe6 Rxe6 59. Qxe6 Rg8 60. Qf7+ Rg7 61. Qf8 Qxb2 62. Qb4 Qxb4 63. cxb4 Rb7 64. Re5 Rxb4 65. Rxd5 a5 66. Rxa5 Rxd4 67. Ra7+ Kg8 68. g3 Rd6 69. Kf2 Kf8 70. Kf3 Rd3+ 71. Kf2 Rd6 1/2-1/2